| 000 | 00398nam a2200169Ia 4500 | ||
|---|---|---|---|
| 008 | 230917s9999||||xx |||||||||||||| ||und|| | ||
| 020 | _cRS10.75 | ||
| 040 |
_e1030 _aMAIN |
||
| 041 | _aEnglish | ||
| 082 | _a588 W332S | ||
| 100 | _aWatson, E V | ||
| 245 | 0 | _aStructure and life of bryophytes | |
| 250 | _a3rd ed. | ||
| 260 |
_aBombay _bBI Publications _c1979 |
||
| 300 | _a211 p. | ||
| 942 | _cBK | ||
| 999 |
_c49096 _d49096 |
||